00622nam a22002057a 450000500170000001000130001702000220003003500130005203700160006504000120008108200130009324500850010626000460019127000430023730000320028065000470031265000180035970000190037770000200039620170124110115.0 aA-409701 c00.00a8183182329 aA-409701 bCen Lib/Ret aDPLbEN a954bHIM aHimalayan environment and culture /cedited by N.K.Rustomji [and] Charles Ramble bIndus Publishing Companyc1990aNew Delhi aFS-5, Tagore GardenbNew Delhie110027 axvi,298p. :c22cm(Hb)bill. aHuman ecology -- Himalaya Mountains Region aHuman ecology aRustomji, N.K. aRamble, Charles